[Postgrau de les] Arts escèniques i l'educació : [2022-2023 : itineraris de teatre, moviment i projectes pedagògics] [2022-2023 : itineraris de teatre, moviment i projectes pedagògics]
Descripción Física:
1 full plegat en sis parts ; il·lustracions color ; 15 x 21 cm
Idioma:
Catalán
MARC
| LEADER | 00000nam a22000007a 4500 | ||
|---|---|---|---|
| 001 | 27573 | ||
| 003 | Arxiu | ||
| 005 | 20260324181156.0 | ||
| 008 | 230321b spa||||| |||| 00| 0 cat d | ||
| 017 | |a B 10691-2022 | ||
| 040 | |a agdb |b cat | ||
| 041 | |a cat | ||
| 110 | 1 | |9 52662 |a Institut del Teatre (Barcelona, Catalunya) | |
| 240 | |a Postgrau de les Arts escèniques i l'educació |l [català ; |s 2022-2023] | ||
| 245 | |a [Postgrau de les] Arts escèniques i l'educació : |b [2022-2023 : itineraris de teatre, moviment i projectes pedagògics] | ||
| 260 | |a Barcelona : |b Diputació de Barcelona. Institut del Teatre ; |c 2022 | ||
| 300 | |a 1 full plegat en sis parts ; |b il·lustracions color ; |c 15 x 21 cm | ||
| 610 | 2 | 0 | |9 53086 |a Institut del Teatre (Barcelona, Catalunya) |x Currículums |
| 650 | 0 | |2 Arxiu |9 30511 |a Teatre |x Ensenyament | |
| 942 | |2 udc |c ARXIU |n 1 | ||
| 952 | |0 0 |1 0 |2 udc |4 0 |6 FU74182 |7 1 |9 65716 |a Arxiu |b Arxiu |d 2023-03-21 |l 0 |o FU-74-182 |p 27573 |r 2023-03-21 00:00:00 |w 2023-03-21 |y ARXIU | ||
| 999 | |c 83235 |d 83235 | ||